Medicina legal (Record no. 82535)
[ view plain ]
| 000 -LEADER | |
|---|---|
| fixed length control field | 00651nam a22002057a 4500 |
| 005 - DATE AND TIME OF LATEST TRANSACTION | |
| control field | 20260415082513.0 |
| 008 - FIXED-LENGTH DATA ELEMENTS--GENERAL INFORMATION | |
| fixed length control field | 240624b mx |||||||| |||| 00| 0 spa d |
| 020 ## - INTERNATIONAL STANDARD BOOK NUMBER | |
| International Standard Book Number | 9786070944055 |
| 050 04 - LIBRARY OF CONGRESS CALL NUMBER | |
| Classification number | KGF4447.M34 |
| Item number | G37 2024 |
| 100 1# - MAIN ENTRY--PERSONAL NAME | |
| Personal name | García Garduza, Ismael |
| 245 10 - TITLE STATEMENT | |
| Title | Medicina legal |
| Remainder of title | : mala práctica médica y juicio oral |
| Statement of responsibility, etc | / Ismael García Garduza |
| 250 ## - EDITION STATEMENT | |
| Edition statement | 3a ed. |
| 260 ## - PUBLICATION, DISTRIBUTION, ETC. (IMPRINT) | |
| Place of publication, distribution, etc | Ciudad de México : |
| Name of publisher, distributor, etc | Porrúa, |
| Date of publication, distribution, etc | 2024 |
| 300 ## - PHYSICAL DESCRIPTION | |
| Extent | 426 p. ; |
| Dimensions | 23 cm. |
| 504 ## - BIBLIOGRAPHY, ETC. NOTE | |
| Bibliography, etc | Incluye bibliografía |
| 650 #7 - SUBJECT ADDED ENTRY--TOPICAL TERM | |
| Source of heading or term | lemb |
| Topical term or geographic name as entry element | Médicos |
| General subdivision | Negligencia médica |
| Geographic subdivision | México |
| 650 #4 - SUBJECT ADDED ENTRY--TOPICAL TERM | |
| Topical term or geographic name as entry element | Juicio oral |
| Geographic subdivision | México |
| 650 #7 - SUBJECT ADDED ENTRY--TOPICAL TERM | |
| Source of heading or term | lemb |
| Topical term or geographic name as entry element | Medicina legal |
| 942 ## - ADDED ENTRY ELEMENTS (KOHA) | |
| Source of classification or shelving scheme | Biblioteca del Cogreso de los Estados Unidos |
| Koha item type | Libro |
| Estado de pérdida | Fuente de clasificación | Estado del daño | No para préstamo | Ubicación permanente | Ubicación actual | Apartado o colección | Fecha de adquisición | Fuente de adquisición | Edición | Área del conocimiento | Total Checkouts | Clasificación | Código de Barras | Date last seen | Número de copia | Costo por reposición | Tipo de recurso |
|---|---|---|---|---|---|---|---|---|---|---|---|---|---|---|---|---|---|
| Biblioteca del Cogreso de los Estados Unidos | Biblioteca de la Facultad de Derecho y Ciencias Sociales "Felipe J. Tena" | Biblioteca de la Facultad de Derecho y Ciencias Sociales "Felipe J. Tena" | General | 15/04/2026 | Unidad Académica | 3a ed. | Ciencias Sociales y Administrativas | KGF4447.M34 G37 2024 | BFD000015525 | 15/04/2026 | 1 | 504.00 | Libro | ||||
| Biblioteca del Cogreso de los Estados Unidos | Biblioteca de la Facultad de Derecho y Ciencias Sociales "Felipe J. Tena" | Biblioteca de la Facultad de Derecho y Ciencias Sociales "Felipe J. Tena" | General | 15/04/2026 | Unidad Académica | 3a ed. | Ciencias Sociales y Administrativas | KGF4447.M34 G37 2024 | BFD000015526 | 15/04/2026 | 2 | 504.00 | Libro | ||||
| Biblioteca del Cogreso de los Estados Unidos | Biblioteca de la Facultad de Derecho y Ciencias Sociales "Felipe J. Tena" | Biblioteca de la Facultad de Derecho y Ciencias Sociales "Felipe J. Tena" | General | 15/04/2026 | Unidad Académica | 3a ed. | Ciencias Sociales y Administrativas | KGF4447.M34 G37 2024 | BFD000015527 | 15/04/2026 | 3 | 504.00 | Libro | ||||
| Biblioteca del Cogreso de los Estados Unidos | Biblioteca de la Facultad de Derecho y Ciencias Sociales "Felipe J. Tena" | Biblioteca de la Facultad de Derecho y Ciencias Sociales "Felipe J. Tena" | General | 15/04/2026 | Unidad Académica | 3a ed. | Ciencias Sociales y Administrativas | KGF4447.M34 G37 2024 | BFD000015528 | 15/04/2026 | 4 | 504.00 | Libro |